Most Popular Netflix Series - Statistics

General Stats
  • This quiz has been taken 223 times
  • The average score is 3 of 10
Answer Stats
Hint Answer % Correct
1. Stranger Things
87%
2. Squid Game
70%
5. Wednesday
41%
4. Bridgerton
35%
3. Money Heist
30%
7. Lucifer
17%
9. 13 Reasons Why
14%
8. The Witcher
10%
6. Dahmer
9%
10. All of Us Are Dead
4%
No matching quizzes found
Score Distribution
Percent of People with Each Score
Percentile by Number Answered
Your Score History
You have not taken this quiz